Responses for show #2243 - Wednesday, May 11, 1994

1994 College Championship semifinal game 3.

Contestants

[<< previous game]

Jeff Stewart, a senior from Brigham Young University

Elizabeth Lizotte, a senior from Simpson College

Brian Johnson, a junior from the University of Florida

[next game >>]

Jeopardy! Round responses

THE BIBLE
1980s MOVIES
COLLEGES & UNIVERSITIES
U.S. HISTORY
ANIMAL PARTS
CROSSWORD CLUES "I"
    $100 20
Egypt

Jeff
    $100 13
the Hendersons

Elizabeth
    $100 15
St. Paul & Minneapolis

Jeff
    $100 1
"The Star-Spangled Banner"

Jeff
    $100 24
a claw

Jeff
    $100 3
iron

Jeff
    $200 16
being turned into a pillar of salt

Jeff
    $200 14
Tom Cruise

Elizabeth
    $200 23
William & Mary

Jeff
    $200 7
(Jeff: What's Philadelphia?)

New York

BrianJeff
    $200 26
(Jeff: What's a fin?)

a flipper

BrianJeff
    $200 18
an igloo

Jeff
    $300 19
the 23rd

Triple Stumper
    $300 5
The Untouchables

Jeff
    $300 30
Yale

Jeff
    $300 8
$1 trillion

Brian
    $300 27
a comb

Jeff
    $300 2
ignore

Elizabeth
    $400 4
Esau

Jeff
    $400 6
Hoosiers

Brian
    $400 22
Northwestern

Elizabeth
    $900 9
(Brian: What is the Morrill Act, the [*]?)
(Alex: [Summarizing his words] You're going to be penalized for giving us too much information; the Morrill Act had to do with establishing agricultural colleges.)

the Homestead Act

Brian
    $400 29
(Brian: What is a snout?)

a trunk

BrianJeff
    $400 21
iota

Jeff
    $500 11
Peter

Triple Stumper
    $500 12
The Fabulous Baker Boys

Brian
    $500 25
(Brian: What is Xavier?)

Marquette

Brian
Triple Stumper
    $500 10
Wyoming

Jeff
    $500 28
an antler

Brian
    $500 17
immaculate

Elizabeth

Scores at the first commercial break (after clue 15):

Brian Elizabeth Jeff
$500 $600 $1,300

Scores at the end of the Jeopardy! Round:

Brian Elizabeth Jeff
$300 $1,500 $3,300

Double Jeopardy! Round responses

ASTRONOMY
BODIES OF WATER
HISTORIC QUOTATIONS
LITERARY CHARACTERS
MUSICAL INSTRUMENTS
ALEXANDER THE GREAT
    $200 13
the Moon

Jeff
    $200 24
the Gulf of Mexico

Brian
    $200 2
Amelia Earhart

Brian
    $200 11
Dracula

Jeff
    $200 8
a reed

Jeff
    $200 1
the Nile

Elizabeth
    $400 20
Libra

Elizabeth
    $400 18
Gibraltar (the Strait of Gibraltar)

Jeff
    $400 10
Eleanor Roosevelt

Elizabeth
    $400 21
(Sherlock) Holmes

Jeff
    $400 29
(Jeff: What is bass tuba?)

piccolo

BrianJeff
    $400 3
Aristotle

Jeff
    $600 12
Mars

Brian
    $300 4
Crater Lake

Jeff
    $600 23
Jefferson

Brian
    $600 6
Silas

Jeff
    $600 22
a tom-tom

Elizabeth
    $600 7
Philip

Jeff
    $800 9
Neptune

Brian
    $800 25
(Jeff: What's the North Sea?)
(Brian: What is the Atlantic Ocean?)

the Irish Sea

BrianJeff
Triple Stumper
    $800 27
(Brian: Who is Madison?)

Patrick Henry

Brian
Triple Stumper
    $800 14
(Tom) Clancy

Jeff
    $800 5
the bell

Jeff
    $800 30
his horse

Jeff
    $1000 19
a pulsar

Brian
    $1000 26
(Brian: What is the Rio de Platte?)

Rio de la Plata

Brian
Triple Stumper
    $1000 28
Elizabeth I

Jeff
    $1000 15
Piggy

Jeff
    $1000 16
a concertina

Triple Stumper
    $200 17
the Gordian Knot

Jeff

Scores at the end of the Double Jeopardy! Round:

Brian Elizabeth Jeff
$1,500 $3,100 $10,000
(lock game)

[wagering suggestions for these scores]

Final Jeopardy! Round responses

IN THE NEWS
[Jeff blows kiss to his wife, Jennifer]
BrianWho is Fidel Castro?
$1,500
ElizabethWho is Fidel Castro?
$3,000
JeffWho is Jennifer
$0
Fidel Castro

Final scores:

Brian Elizabeth Jeff
$3,000 $6,100 $10,000
3rd place: $5,000 2nd place: $5,000 Finalist

Game dynamics:

Coryat scores:

Brian Elizabeth Jeff
$2,400 $3,100 $11,100
13 R,
6 W
(including 1 DD)
9 R,
0 W
30 R
(including 2 DDs),
4 W

Combined Coryat: $16,600

The J! Archive is created by fans, for fans. The Jeopardy! game show and all elements thereof, including but not limited to copyright and trademark thereto, are the property of Jeopardy Productions, Inc. and are protected under law. This website is not affiliated with, sponsored by, or operated by Jeopardy Productions, Inc. Join the discussion at JBoard.tv.